TDCA bulletin.

Bibliographic Details
Previous Title:Community affairs bulletin
Corporate Author: Texas. Department of Community Affairs
Format: Government Document Journal
Language:English
Published: [Austin] : [Texas Department of Community Affairs], [between 1970 and 1979]
Subjects:

MARC

Tag First Indicator Second Indicator Subfields
LEADER 00000cas a2200000 a 4500
001 in00000076932
005 20151008055006.0
008 790905c197u9999txubr p s0uuua0eng d
035 |a (OCoLC)05340154 
035 |9 AAJ2256AM 
040 |a INT  |c INT  |d m.c.  |d TXA  |d UtOrBLW 
043 |a n-us-tx 
049 |a [Docs]TXAE 
086 |a C2400.6 B874  |2 txdocs 
090 |a JS39  |b .C7 
245 0 0 |a TDCA bulletin. 
264 1 |a [Austin] :  |b [Texas Department of Community Affairs],  |c [between 1970 and 1979] 
300 |a  volumes :  |b illustrations ;  |c 29 cm. 
310 |a Six issues a year 
336 |a text  |b txt  |2 rdacontent 
337 |a unmediated  |b n  |2 rdamedia 
338 |a volume  |b nc  |2 rdacarrier 
650 0 |a Community life  |z Texas  |x Periodicals. 
710 1 |a Texas.  |b Department of Community Affairs. 
780 0 0 |t Community affairs bulletin 
999 |a MARS 
999 f f |s bd5e0704-7044-32bb-b1a1-3be860987277  |i 21e4d783-2edf-35a3-8d43-794edb4397bb  |t 0 
952 f f |p serial  |a Texas A&M University  |b College Station  |c Sterling C. Evans Library  |d Evans: Texas Documents (Annex 5th floor)  |t 0  |e C2400.6 B874  |h Superintendent of Documents classification  |i unmediated -- volume  |m A14807018970 
998 f f |a C2400.6 B874  |t 0  |l Evans: Texas Documents (Annex 5th floor)